[Event "City of Adelaide"]
[Site "Adelaide"]
[Date "1998.07.22"]
[Round "1.1"]
[White "Amini, Amir"]
[Black "Phan-Koshnitsky, Ngan"]
[Result "0-1"]
[WhiteElo "1412"]
[BlackElo "2000"]
[Annotator "Fritz 5.00 - Anderson-Smith,W"]
[PlyCount "68"]
[EventDate "1998.07.22"]
[EventType "swiss"]
[EventRounds "9"]
[EventCountry "AUS"]

1. d4 Nf6 2. c4 d6 3. Nc3 Nbd7 4. e4 c6 5. Be2 e5 6. Nf3 Be7 7. O-O O-O {
Old (Chigorin) Indian Defence.} 8. h3 (8. Re1 a6 9. Bf1 b5 10. a3 Bb7 11. Bg5 (
11. h3 Re8 12. Be3 exd4 13. Nxd4 Bf8 14. Nf5 Ne5 15. cxb5 cxb5 16. Bg5 h6 17.
Bf4 Ng6 18. Bxd6 Nxe4 19. Nxe4 Rxe4 20. Bxf8 Kxf8 21. Qb3 Qd5 22. Qxd5 Bxd5 23.
Rxe4 Bxe4 24. Nd6 Bd5 25. a4 Rd8 26. Nf5 Be6 27. Ne3 Rd2 28. axb5 {
1/2-1/2 Lautier,J-Tal,M/Cannes 1989/CBM 11}) 11... h6 12. Bh4 Re8 13. Rc1 Qa5
14. c5 exd4 15. Nxd4 Qc7 16. Nf5 Nxc5 17. Bxf6 Bxf6 18. b4 Nd7 19. Nd5 Qb8 20.
Nxf6+ Nxf6 21. Qxd6 Re6 22. Qxb8+ Rxb8 23. e5 Nd7 24. f4 f6 25. Nd4 Ree8 26. e6
Nf8 27. f5 {1-0 Kasparov,G-Trepp,M/SWZ-Kasparov 1987/CBM 02}) 8... exd4 (8...
h6 9. b4 a5 10. b5 Re8 11. Ba3 Bf8 12. dxe5 dxe5 13. Bxf8 Kxf8 14. bxc6 bxc6
15. Qd6+ Qe7 16. Qxc6 Ba6 17. Rfd1 Rec8 18. Qa4 Qb4 19. Qxb4+ axb4 20. Nb5 Bxb5
21. cxb5 Rc2 22. Rd2 b3 23. Rxc2 bxc2 24. Bd3 Rxa2 25. Rc1 Nc5 26. Bxc2 Rb2 27.
Nxe5 Rxb5 28. Re1 Ncxe4 29. Nxf7 Kxf7 {
1/2-1/2 Vavra,P-Znamenacek,K/Prague Bohemians 1991/TD 91\08}) 9. Nxd4 Nc5 $146
(9... d5 10. cxd5 cxd5 11. exd5 Ne5 12. Nf3 Bd6 13. Be3 Bf5 14. Nd4 Bd7 15.
Ndb5 Bxb5 16. Bxb5 a6 17. Be2 Rc8 18. Rc1 Re8 19. Qb3 Qd7 20. Kh1 b5 21. Bg5
Qf5 22. Bxf6 gxf6 23. f4 h5 24. fxe5 Qxe5 25. Kg1 Qh2+ 26. Kf2 Qg3+ {
1/2-1/2 Lange,G-Urbild,O/RL-chS Kettig 1994/GER 09}) 10. Qc2 a5 11. Bf4 Re8 12.
Rad1 Qc7 13. Bg3 {N} (13. Rfe1 h6 14. Bf1 Bf8 15. Bh2 $14 {
Keres-Akakundju, Varna (ol) 1962.}) 13... Bf8 {Now all is on e4} 14. Bf3 Nfd7
15. Na4 Ne5 16. Nxc5 $15 (16. Bh5 $5 $11 {should be considered}) 16... dxc5 17.
Ne2 (17. Bxe5 Qxe5 18. Ne2 b5 $15) 17... Qb6 $14 (17... Nxf3+ $142 $5 {
and Black can hope to live} 18. gxf3 Qe7 $15) 18. Bxe5 Rxe5 19. Rd2 $11 (19.
Rd3 Qc7 $14) 19... Re8 20. Rfd1 g6 {Covers h5} 21. Nc3 $11 (21. Rd3 Qc7 $14)
21... Be6 22. b3 {Prevents intrusion on c4} Qc7 23. Be2 Bg7 24. Bf1 h5 25. Be2
Qf4 26. Bf1 Bd4 {An ideal square for the black bishop.} 27. Bd3 $4 $19 {
not a good decision, because now the opponent is right back in the game} (27.
Rd3 $142 $11 {and White can hope to survive}) 27... h4 28. Kf1 (28. Na4 $5 Be5
$1 {Black gets the advantage} 29. Kf1 $17) 28... Qf6 $4 $15 {
throwing away the advantage} (28... Qh2 $142 {with excellent chances for Black}
29. Ke1 Qxg2 $19) 29. Nb1 Qe5 30. Re2 $4 $19 (30. Be2 $142 $15 {saving the game
}) 30... Qh2 {Threatening mate... how?} 31. Ke1 Qxg2 32. Kd2 (32. Qc1 Bxh3 33.
Qf4 g5 $19) 32... Qg5+ (32... Bxh3 {seems even better} 33. f4 Qg3 34. Kc1 $19)
33. Ke1 Bxh3 34. f3 (34. Qc1 {doesn't improve anything} Qf6 35. Qh6 Rad8 $19)
34... Qf4 (34... Qf4 35. Rf2 Qg3 $19) (34... Qg3+ $142 $5 {
makes it even easier for Black} 35. Kd2 Qf4+ 36. Ke1 Qxf3 37. a3 Qg3+ 38. Kd2
Qg5+ 39. Ke1 $19) 0-1

[Event "City of Adelaide"]
[Site "Adelaide"]
[Date "1998.07.22"]
[Round "1.2"]
[White "Cowley, Robert G"]
[Black "Yang, Song"]
[Result "1-0"]
[WhiteElo "1995"]
[BlackElo "1329"]
[Annotator "Fritz 5.00 - Anderson-Smith,W"]
[PlyCount "67"]
[EventDate "1998.07.22"]
[EventType "swiss"]
[EventRounds "9"]
[EventCountry "AUS"]

1. e4 c5 2. Nf3 d6 3. d4 cxd4 4. Nxd4 Nf6 5. Nc3 a6 {
Sicilian Defence, Najdorf System.} 6. g3 b5 (6... e5 7. Nde2 Be7 8. Bg2 Nbd7 9.
O-O b5 10. a3 Bb7 11. Bg5 Rc8 12. Qd2 h6 13. Bxf6 Nxf6 14. Nc1 O-O 15. Re1 Rc4
16. Nd3 Qc7 17. Re2 Rc8 18. Rae1 Rd4 19. Nd1 d5 20. exd5 e4 21. Bxe4 Rxe4 22.
Rxe4 Nxe4 23. Rxe4 Bxd5 24. Re1 Ba8 {McHugh,K-Sadler,M/Dublin zt 1993 0-1 (40)}
) 7. Bg2 Bb7 8. O-O g6 (8... e6 9. a3 Qc7 10. f4 Nbd7 11. Qe2 Be7 12. Kh1 Nb6
13. Be3 Nc4 14. Bg1 O-O 15. Nd1 d5 16. e5 Ne4 17. a4 bxa4 18. Rxa4 Rfc8 19. c3
a5 20. Re1 Ba6 21. Qg4 Nc5 22. Ra1 Rcb8 23. f5 {
Escobar Forero,A-Kempinski,R/WchJM U20 1996/1-0 (45)}) 9. Re1 Qc7 $146 (9... e5
10. Nb3 b4 11. Nd5 Nxd5 12. exd5 Bg7 13. a3 bxa3 14. Rxa3 O-O 15. Na5 Qc7 16.
Re4 f5 17. Rc4 Qf7 18. Rb3 Bc8 19. Rb6 Qf6 20. Nc6 Nd7 21. Rb3 a5 22. Be3 f4
23. gxf4 Qh4 24. Qf3 {Bocksberger,S-Cordes,H/BL 8586 1986/BL 80/0-1 (44)}) 10.
Nd5 Nxd5 11. exd5 h6 {Controls g5} 12. h4 h5 $16 (12... Nd7 $5 $11) 13. Bg5 Nd7
14. a4 bxa4 15. Rxa4 Nb6 16. Ra5 Nc4 17. Ra2 Nb6 18. Nb3 Rc8 19. Na5 f6 $2 (
19... Ba8 $142 $18) 20. Bxf6 $1 {the final blow} Rh7 21. b3 (21. Nxb7 $5 {
makes it even easier for White} Qxb7 22. Qd3 Kd8 $18) 21... Rf7 (21... Ba8 22.
Bd4 Nxd5 23. Nc4 $18) 22. Ba1 (22. Nxb7 $6 Rxf6 23. Na5 Qc5 $18) 22... Ba8 (
22... Bg7 {does not win a prize} 23. Nxb7 Qxb7 24. Be4 Bxa1 25. Qxa1 $18 (25.
Rxa1 $6 Rg7 $18)) 23. c4 (23. Be4 {keeps an even firmer grip} Kd8 $18) 23...
Nd7 (23... e5 {cannot change destiny} 24. dxe6 Rf5 25. Bh3 $18) 24. Qd3 (24.
Be4 $142 {keeps an even firmer grip} Kd8 25. Bxg6 Rf6 26. Bxf6 Nxf6 27. Bxh5
Rb8 $18) 24... Bg7 25. Qxg6 {White begins to deal mighty blows} Bxa1 26. Rexa1
(26. Bh3 {might be the shorter path} Nf8 27. Qxh5 Bf6 $18) 26... Ne5 (26... Qc5
27. Bh3 Bxd5 28. Qg8+ Rf8 29. Qxd5 $18) 27. Qxh5 Qb6 (27... Qd7 {
doesn't get the bull off the ice} 28. f4 Qg4 29. Qxg4 Nxg4 30. Nc6 $18) 28. Bh3
Bb7 (28... Rc7 $18 {is still a small chance}) 29. Nxb7 Qxb7 30. f4 (30. Bxc8
$142 $5 {and White can already relax} Qxc8 31. Rxa6 Nd7 $18) 30... Qxb3 31. Ra3
Qb6+ (31... Qxc4 32. Bxc8 $1 {the end, the rest is history} Qxc8 33. fxe5 Qc5+
34. Kh2 Qc2+ 35. Kh3 dxe5 36. Rxa6 Qf5+ 37. Qxf5 Rxf5 38. Re6 $18) 32. Kh1 Nxc4
(32... Qd4 {cannot change what is in store for ?} 33. Bxc8 Qe4+ 34. Kh2 Qc2+
35. Kh3 $18) 33. Bxc8 Nxa3 34. Be6 $1 {
the decision. Do you see the mate threat?} (34. Be6 Qc5 35. Qxf7+ Kd8 36. Qf8+
Kc7 37. Qc8+ Kb6 38. Qb8+ Ka5 39. Qb2 $18) (34. Rxa3 $6 {is not possible} Qb1+
35. Kg2 Qc2+ 36. Kh3 Qxc8+ 37. Qg4 Qc4 38. Qg8+ Rf8 39. Qg6+ Rf7 $18) 1-0

[Event "City of Adelaide"]
[Site "Adelaide"]
[Date "1998.07.22"]
[Round "1.3"]
[White "Errington, James"]
[Black "Sheldrick, Kevin"]
[Result "0-1"]
[WhiteElo "1323"]
[BlackElo "1801"]
[Annotator "Fritz 5.00 - Anderson-Smith,W"]
[PlyCount "72"]
[EventDate "1998.07.22"]
[EventType "swiss"]
[EventRounds "9"]
[EventCountry "AUS"]

1. e4 d6 2. d4 Nf6 3. Nc3 g6 {Pirc Defence.} 4. h3 Bg7 5. Be3 O-O 6. Nf3 d5 (
6... c6 7. a4 Nbd7 8. a5 Qc7 9. Be2 (9. Bd3 e5 10. O-O Re8 11. dxe5 Nxe5 12.
Nxe5 dxe5 13. Na4 Nd7 14. Qd2 Nf8 15. b4 Ne6 16. c3 Rd8 17. Rfd1 Bf6 18. Qe1
Bg5 19. Bf1 Bxe3 20. Qxe3 Bd7 21. g3 {1/2-1/2 Lau,R-Hickl,J/BL9596 1996/BL 90})
9... Rb8 10. Qd2 b5 11. axb6 axb6 12. e5 dxe5 13. dxe5 Nd5 14. Nxd5 cxd5 15.
Qxd5 Nxe5 16. Nxe5 Bxe5 17. O-O Bxb2 18. Rab1 Bf6 19. c4 Ba6 20. Rb4 e6 21. Qe4
Be7 22. Rb3 Bb7 23. Qf4 e5 24. Qg3 Bc5 25. Rfb1 Bc6 26. Bf3 Bxe3 27. Rxe3 Bxf3
28. Qxf3 Qxc4 29. Rxe5 Rfe8 30. Rxe8+ Rxe8 31. Qb7 b5 32. g3 Qd3 33. Rxb5 Re1+
34. Kh2 {1/2-1/2 Novikov,I-Tal,M/Tbilisi 1988/TD 88\01}) 7. e5 Ne4 8. Nxe4 dxe4
9. Ng5 (9. Nd2 c5 10. c3 cxd4 11. cxd4 f5 12. Bc4+ Kh8 13. f4 Nc6 14. O-O b5
15. Bxb5 Nxd4 16. Bc4 Be6 17. Rc1 Bxc4 18. Nxc4 Ne6 19. h4 Qe8 20. Na5 Qb5 21.
Qb3 Qxb3 22. Nxb3 Kg8 23. Rc6 Kf7 {
King,D-McNab,C/London NWYM 1988/CBM 09/1/2-1/2 (52)}) 9... c5 10. Nxe4 $11 (10.
c3 cxd4 11. cxd4 Nc6 12. Nxe4 Qa5+ 13. Nc3 Rd8 14. f4 Nxd4 15. Bxd4 Qb4 16. a3
Qxd4 17. Qxd4 Rxd4 18. Rd1 Rxd1+ 19. Kxd1 Be6 20. Bd3 {
1/2-1/2 Tebb,D-Faulkner,D/BCF-ch 1994/TD 94\03}) (10. c3 $5 $14) 10... cxd4 11.
Bxd4 {Black gets strong play along the open d-file} Nc6 12. c3 {
Consolidates b4+d4} Bxe5 13. Bxe5 Nxe5 14. Be2 Bf5 15. Ng3 Nd3+ 16. Bxd3 $11 (
16. Kf1 Nf4 (16... Nxb2 $143 17. Qb3 $16) 17. Nxf5 gxf5 $14) 16... Bxd3 {
White cannot castle king side} 17. Qf3 {Plans 0-0-0} Ba6 {
Black traps the enemy king in the center} 18. Ne2 (18. h4 Qd6 19. Ne4 Qe6 $15)
18... Qd7 19. h4 (19. Qe3 Rfd8 $15) 19... Rad8 {
Threatening mate: Qd2. Black launches an attack} 20. Qe3 Qb5 21. b3 Rd3 22. Qe4
(22. Qxe7 $2 {would be great except for} Re8 23. c4 Qc6 $19) (22. Qxa7 $4 {
the pawn is something White will choke on} Rd1+ $3 {
a sacrifice to finish the game} 23. Kxd1 Qxe2+ 24. Kc1 Bd3 25. Qxb7 Qc2#) 22...
Rd5 23. c4 (23. Qxe7 $4 {White will not be able to digest the pawn} Re8 24. c4
Qa5+ 25. b4 Rxe7 26. bxa5 Bxc4 $19) 23... Qb4+ 24. Kf1 Rd2 $15 (24... Rfd8 25.
Kg1 $17) 25. Qe3 $17 (25. h5 Rfd8 26. g3 g5 $15) 25... Rfd8 {
Do you see the mate threat?} 26. g3 (26. Kg1 b5 27. a3 Rd1+ 28. Rxd1 Rxd1+ 29.
Kh2 Qd6+ 30. Ng3 Rxh1+ 31. Kxh1 Qxa3 32. Qxa7 bxc4 33. bxc4 Qa1+ 34. Kh2 Qf6
$11) 26... b5 27. Nf4 $2 $19 (27. Qxa7 Qd6 28. Nc3 Qd3+ 29. Kg2 Qxc3 30. Rae1
$19 (30. Qxa6 $4 {White should leave the bishop alone} Rxf2+ 31. Kh3 Qf3 32.
Qxg6+ fxg6 33. Rhg1 Rd4 34. cxb5 Qg4#)) 27... bxc4 28. h5 (28. Kg1 Bb7 29. Ng2
$19) 28... Qb7 $1 {a beautiful, forced end to the game. The mate threat is Qxh1
} 29. f3 (29. Kg1 {is no salvation} Rd1+ 30. Qe1 Qf3 31. bxc4 Rxe1+ 32. Rxe1
Rd2 $19) 29... R8d3 (29... cxb3+ $142 {and Black has it in the bag} 30. Kg1 b2
$19) 30. Nxd3 Rxd3 {Threatening mate: Rxe3} 31. Qe5 (31. Qxd3 {
the last chance for counterplay} cxd3 32. Kf2 $19) 31... Rxf3+ 32. Kg1 (32. Ke1
cxb3 33. Rd1 Qb4+ 34. Rd2 bxa2 35. hxg6 Re3+ 36. Qxe3 a1=Q+ 37. Kf2 Qxh1 38.
gxf7+ Kxf7 39. Qf4+ Qxf4+ 40. gxf4 Qf1+ 41. Kg3 Qe1+ 42. Rf2 Bb7 43. f5 Qg1+
44. Kh4 Qxf2+ 45. Kg4 Qg2+ 46. Kf4 Qf3+ 47. Kg5 Qg3+ 48. Kh5 Bf3+ 49. Kh6 Qg7#)
32... Qb6+ 33. Kg2 Qf2+ 34. Kh3 Bc8+ 35. Kh4 Rf5 (35... Rxg3 36. Qg7+ Kxg7 37.
h6+ Kxh6 38. bxc4 g5#) 36. Raf1 (36. hxg6 {does not save the day} Rxe5 37.
gxh7+ Kxh7 38. Raf1 Kg6 39. Rxf2 Rh5#) 36... g5+ (36... g5+ 37. Kh3 Rxe5+ 38.
g4 Re3#) 0-1

[Event "City of Adelaide"]
[Site "Adelaide"]
[Date "1998.07.22"]
[Round "1.4"]
[White "Tanti, Joseph G"]
[Black "Kramer, Warren"]
[Result "1/2-1/2"]
[WhiteElo "1750"]
[BlackElo "1322"]
[Annotator "Fritz 5.00 - Anderson-Smith,W"]
[PlyCount "85"]
[EventDate "1998.07.22"]
[EventType "swiss"]
[EventRounds "9"]
[EventCountry "AUS"]

1. e4 c6 2. d4 d5 3. e5 Bf5 {Caro-Kann Defence, Advance Variation.} 4. Nd2 (4.
Be2 Qb6 5. Nf3 e6 6. O-O Nd7 7. c3 Ne7 8. Na3 Qc7 9. Nc2 a6 10. Ne3 Bg6 11. Nh4
Nc8 12. f4 Be7 13. Nf3 O-O 14. Bd3 Bxd3 15. Qxd3 f5 16. exf6 Bxf6 17. Ng4 Nd6
18. Bd2 Rae8 {Parcerias,P-Fernandes,A/POR-ch 1992/TD 92\10/0-1 (36)}) 4... Nd7
$146 (4... e6 5. Nb3 (5. Ne2 c5 6. c3 Nc6 7. f4 Qb6 8. Nb3 c4 9. Nd2 h5 10. Ng3
Bg4 11. Be2 Bxe2 12. Qxe2 g6 13. Nf3 Nh6 14. O-O Be7 15. Re1 Kd7 16. Rb1 Qa6
17. b3 b5 18. Ng5 h4 19. Nf1 Bxg5 {
Komovec,I-Ivacic,V/Portoroz 1996/EXP 51/0-1 (49)}) 5... Nd7 6. Be3 Ne7 (6... b6
7. c4 Bb4+ 8. Bd2 Bxd2+ 9. Qxd2 Ne7 10. Rc1 Rc8 11. c5 O-O 12. g4 Be4 13. f3
Bg6 14. h4 h6 15. Nh3 f6 16. Nf4 Bf7 17. Ba6 Rb8 18. exf6 Nxf6 19. g5 hxg5 20.
hxg5 Nd7 21. Qh2 Bg6 22. Nxe6 Qe8 23. Nc7 Qd8 24. Ne6 Qe8 25. Nxf8 Qxf8 26.
Qh8+ Kf7 27. Qxf8+ Rxf8 28. cxb6 axb6 {
1-0 Koshdel,M-Ruessel,R/Endingen AT 1987/GER 04}) 7. f4 h5 8. Nf3 Bg4 9. h3
Bxf3 10. Qxf3 Nf5 11. Bf2 h4 12. Bd3 g6 13. O-O-O b5 14. Bxf5 gxf5 15. g4 hxg3
16. Qxg3 Qb6 17. h4 O-O-O 18. Kb1 Bh6 19. Rdg1 {
Sting,T-Hoenig,A/NRW-I 1994/GER 07/1/2-1/2 (40)}) 5. g4 Bg6 6. f4 h6 $14 (6...
e6 7. Ngf3 $11) 7. f5 {White gets more space} Bh7 8. Ngf3 Qc7 9. Bd3 O-O-O 10.
b4 $11 (10. Qe2 Qb6 $14) 10... e6 11. fxe6 fxe6 {Secures f5.} 12. Bxh7 Rxh7 13.
g5 $15 (13. Rb1 $5 $11) 13... Bxb4 14. c3 $17 (14. Rb1 $5 {
has some apparent merit} c5 15. O-O $17) 14... Bxc3 15. Qc2 (15. Rb1 $5 $19)
15... Bxd2+ $17 (15... Bxa1 $142 $5 16. Qxh7 Bxd4 17. Nxd4 Qxe5+ 18. Ne2 Qxg5
19. Rg1 Qh4+ 20. Rg3 $19) 16. Bxd2 Rh8 17. O-O Nb6 18. Ba5 Ne7 19. Rab1 Nf5 20.
Qc5 (20. Qc3 g6 $17) 20... Ne3 21. Rfc1 $2 $19 (21. Rf2 $142 Nec4 22. g6 $17)
21... Nec4 (21... Qf7 $142 {and Black can celebrate victory} 22. Rxb6 Qxf3 $19
(22... axb6 23. Qxb6 Nc4 24. Rxc4 dxc4 25. Qa7 Qxf3 26. Qa8+ Kd7 27. Qxb7+ Ke8
28. Bxd8 Qg4+ 29. Kf1 Rf8+ 30. Bf6 Qf3+ 31. Ke1 Qe4+ 32. Kf1 Qh1+ 33. Ke2 gxf6
34. gxf6 Qxh2+ 35. Kd1 Qg1+ 36. Kc2 Qf2+ 37. Kc3 Qf3+ 38. Kb2 c3+ 39. Kc2 Qe2+
40. Kxc3 Qe3+ 41. Kc2 $19)) 22. Rc3 (22. g6 Rdf8 23. Rxc4 dxc4 (23... Rxf3 $143
24. Rc3 Rxc3 25. Qxc3 $17) 24. Rxb6 axb6 25. Bxb6 Qb8 $19 (25... Rxf3 $6 26.
Bxc7 Kxc7 27. Qe7+ Kb6 28. Qc5+ Kc7 29. Qd6+ Kb6 30. Qc5+ Kc7 $11)) 22... Rhf8
23. Rcb3 (23. g6 Rf4 $19) 23... Qf7 24. Rf1 Qh5 (24... Qf4 {
and Black can already relax} 25. Kh1 $19) 25. h4 $6 {
hardly fazing for the opponent} (25. Bxb6 axb6 26. Qe7 $19) 25... Qg4+ 26. Kf2
(26. Kh2 {cannot undo what has already been done} hxg5 27. Bxb6 axb6 $19) 26...
Nxa5 (26... Qxh4+ {makes it even easier for Black} 27. Kg2 Qg4+ 28. Kf2 hxg5
29. Bb4 $19) 27. Qxa5 Qxd4+ 28. Ke1 Qe4+ 29. Kd1 Qc4 (29... Qa4 {
keeps an even firmer grip} 30. Qxa4 Nxa4 31. gxh6 gxh6 32. Rg1 $19) 30. Rf2
Rxf3 (30... Qa4 $142 {and Black can already relax} 31. Qc5 $19) 31. Rbxf3 (31.
Rfxf3 Qd4+ (31... Qxh4 $6 {is no comparison} 32. Qxa7 Qh1+ 33. Ke2 Qh2+ 34. Kf1
Qh1+ 35. Ke2 Qg2+ 36. Ke1 Qh1+ 37. Ke2 $11) 32. Kc2 Nc4 $19 (32... Qxe5 $6 {
is clearly inferior} 33. Qxa7 Qh2+ 34. Kb1 Qg1+ 35. Kc2 $11)) 31... Qd4+ 32.
Kc1 (32. Qd2 Qxh4 33. gxh6 Nc4 $19 (33... Qxh6 $6 34. Qxh6 gxh6 35. Rf6 $17))
32... Nc4 (32... Qxh4 $6 33. Qxa7 Qxg5+ 34. Kb1 Qg6+ 35. Kc1 $19) 33. Qc3 Qxh4
34. gxh6 Qxh6+ 35. Kb1 Qg6+ (35... Qh5 {might be the shorter path} 36. Rf1 $19)
36. Ka1 Qg1+ 37. Rf1 Qg2 38. Rf8 Qg4 (38... b6 $142 $5 {seems even better} 39.
R8f2 Qg5 40. Rf3 $19) 39. Rxd8+ Kxd8 40. Rf8+ Kd7 {Threatening mate... how?}
41. Rf7+ Kc8 $4 $11 {Black lets it slip away} (41... Ke8 $142 {
Black clearly has the better chances} 42. Rxb7 Qe2 $19) 42. Rf8+ Kd7 {
The mate threat is Qd1} 43. Rf7+ 1/2-1/2

[Event "City of Adelaide"]
[Site "Adelaide"]
[Date "1998.07.22"]
[Round "1.6"]
[White "Hunter, Daniel M"]
[Black "Stefan, Vladimir"]
[Result "1-0"]
[WhiteElo "1633"]
[BlackElo "1218"]
[Annotator "Fritz 5.00 - Anderson-Smith,W"]
[PlyCount "71"]
[EventDate "1998.07.22"]
[EventType "swiss"]
[EventRounds "9"]
[EventCountry "AUS"]

1. e4 c5 {Sicilian Defence} 2. f4 Nc6 3. Nf3 g6 4. Bc4 (4. Nc3 Bg7 5. Bb5 Nd4
6. Bd3 d6 7. Nxd4 cxd4 8. Ne2 Nf6 9. O-O O-O 10. Qe1 Nd7 11. Bc4 d5 12. exd5
Nb6 13. d3 Nxc4 14. dxc4 b5 15. Qf2 bxc4 16. Nxd4 Qxd5 17. Be3 a5 18. c3 Rd8
19. Qc2 e6 20. Rad1 Qh5 21. Nc6 Rxd1 22. Rxd1 Bb7 23. Ne7+ Kh8 24. Rd7 Qb5 25.
Qd2 Bd5 26. Rc7 Be4 27. Nc8 Qd5 28. Nd6 Kg8 29. Nxc4 Rb8 30. Qxd5 exd5 31. Ba7
Ra8 32. Nd6 Bb1 33. Nxf7 Bxa2 34. Ng5 Re8 35. Bd4 Bh6 36. Nxh7 {
1-0 Polgar,J-Topalov,V/Dortmund 1996.}) 4... Bg7 5. Nc3 e6 6. d3 Nge7 7. O-O d5
8. Bb3 O-O 9. f5 (9. a4 b6 10. Qe1 dxe4 11. dxe4 Nd4 12. Nxd4 cxd4 13. Nb5 a6
14. Na3 Bb7 15. Nc4 Qc7 16. Bd2 a5 17. f5 exf5 18. Bf4 Qc6 19. Nd6 fxe4 20. Bg3
e3 21. Qe2 Ba6 22. Qg4 Bc8 23. Qg5 Nf5 {
0-1 Girinath,P-Tiviakov,S/Calcutta op 1993/EXP 33}) (9. a3 b5 10. Nxb5 Qb6 11.
c4 dxe4 12. dxe4 Rd8 13. Qc2 a6 14. Nc3 Rb8 15. Ba2 Nd4 16. Qf2 Nec6 17. e5
Nxf3+ 18. Qxf3 Bb7 19. Qf2 Nd4 20. Be3 Ba8 21. Na4 Qc6 22. Nc3 Nf5 23. Bxc5 Nh4
{Trnovec,M-Szieberth,A/Balatonbereny op 1996/EXP 53/0-1 (36)}) 9... exf5 $11 (
9... dxe4 10. dxe4 Qxd1 11. Rxd1 gxf5 12. exf5 Nxf5 13. Bf4 e5 14. Bd2 Ncd4 15.
Na4 e4 16. Ng5 e3 17. Be1 Nxb3 18. axb3 Nd4 19. Nb6 Bg4 20. Nxa8 Bxd1 21. Rxd1
e2 22. Rd2 Rxa8 23. c3 Nxb3 24. Rxe2 h6 25. Ne4 Rd8 26. Bh4 Rd1+ 27. Kf2 Nc1
28. Re3 c4 29. Nf6+ Bxf6 30. Bxf6 Nd3+ 31. Ke2 Re1+ 32. Kf3 Rf1+ {
0-1 Houska,M-Wagner,C/Paris-London 1994/EXP 45}) (9... dxe4 $5 10. f6 Bxf6 11.
Nxe4 Bg7 $17) 10. exf5 $17 (10. Nxd5 $142 $5 {is noteworthy} Be6 11. Bg5 $11)
10... Bxf5 11. Bg5 f6 {Black is in command} 12. Be3 b6 {Secures c5} 13. Qd2 Na5
14. Bh6 $19 (14. d4 c4 15. Ba4 a6 $17) 14... Nxb3 15. axb3 Bxh6 16. Qxh6 d4 17.
Ne4 Nd5 18. Nh4 Ne3 19. Rf3 (19. Nxf5 Nxf5 20. Qh3 Ne3 21. Qe6+ Kg7 $17) 19...
Ng4 (19... Nxc2 {is clearly worse} 20. Nxf5 Rf7 21. Nfd6 $18) 20. Qf4 Bxe4 21.
Qxe4 (21. dxe4 Ne3 22. c3 Qe8 $17) 21... Ne5 $17 (21... f5 $5 22. Qe6+ Kg7 23.
Rh3 $19) 22. Rg3 Qd7 23. Rf1 Rae8 24. Nf5 $19 (24. b4 cxb4 25. Nf5 Rd8 $19)
24... Kh8 25. Nh4 f5 26. Qf4 Ng4 27. h3 Ne5 28. Qh6 Kg8 $17 (28... Rf6 $5 29.
Nf3 $19) 29. Rg5 $19 (29. Qg5 $5 $17) 29... f4 30. Nf3 (30. Re1 $142 Qd6 31.
Rh5 $19) 30... Nf7 31. Rxg6+ hxg6 32. Qxg6+ Kh8 33. Qh5+ Kg7 34. Nh4 Qe6 $4 $15
{overlooking an easy win} (34... Nh8 $142 $19 {and Black has reached his goal})
35. Nf5+ Kg8 $4 (35... Kf6 36. Rxf4 Qe1+ 37. Rf1 Rh8 $11) 36. Qg4+ (36. Qg4+
Ng5 37. Qxg5+ Qg6 38. Qxg6+ Kh8 39. Qg7#) 1-0

[Event "City of Adelaide"]
[Site "Adelaide"]
[Date "1998.07.22"]
[Round "1.8"]
[White "Errington, Luke"]
[Black "Koodrin, Zina"]
[Result "1-0"]
[WhiteElo "1461"]
[BlackElo "997"]
[Annotator "Fritz 5.00 - Anderson-Smith,W"]
[PlyCount "53"]
[EventDate "1998.07.22"]
[EventType "swiss"]
[EventRounds "9"]
[EventCountry "AUS"]

1. e4 e5 2. Nf3 Nf6 {Petrov's Defence.} 3. d4 exd4 4. e5 Ne4 5. Qxd4 d5 6. exd6
Nxd6 7. Bd3 (7. Nc3 Nc6 8. Qf4 Be6 (8... g6 9. Bb5 Bg7 10. Bxc6+ bxc6 11. O-O
O-O 12. Be3 Rb8 13. Rab1 Bf5 14. Bxa7 Rb7 15. Bc5 Bxc2 16. Rbc1 Bf5 17. b4 Re8
18. Rfd1 Qa8 19. Nd4 Qa3 20. Nb3 Qb2 21. Qd2 Nc4 22. Qf4 Nd6 23. Qd2 Qxd2 24.
Nxd2 Ra8 25. Nb3 Bh6 26. Na5 Bxc1 27. Rxc1 Rbb8 28. Nxc6 Re8 29. Nd5 Re2 30.
Nxc7 Raxa2 31. Bxd6 Rac2 32. Ra1 Rxc6 33. Ra8+ Kg7 34. Bf8+ Kf6 35. Nd5+ Ke5 {
0-1 Tilak,S-Barua,D/Sakthi 1996/TUR 96}) 9. Be3 g6 10. O-O-O Bg7 11. Nd4 O-O
12. Nxc6 bxc6 13. Bd4 Bxd4 14. Rxd4 Rb8 15. h4 c5 16. Rd2 Rb4 17. Qe5 Rxh4 18.
Rxh4 Qxh4 19. Qxc5 h5 20. Qxa7 Nc4 21. Qd4 Qh1 22. Rd1 Nd6 23. a4 Qh2 24. a5
Nf5 25. Qc5 Qf4+ 26. Kb1 {
1-0 Tiviakov,S-Rozentalis,E/New York PCA-op 1994/EXP 41}) 7... Nc6 8. Qf4 (8.
Qe3+ Be7 9. O-O O-O 10. Nc3 Nb4 11. Re1 Nxd3 12. Qxd3 Bf5 13. Qd1 Re8 14. Nd5
Bf8 15. Ne3 g6 16. Nxf5 Nxf5 17. Bg5 Qd6 18. c3 Qb6 19. Qc2 h6 20. Bf4 Rad8 21.
Rad1 Bc5 22. g4 Rxd1 {
Jap Tjoen San,L-Prokopenko,O/WchJW-U16 Bratislava 1993/TD 93\05/1/2-1/2 (80)})
8... Be7 9. Bd2 $146 Be6 10. O-O (10. Nc3 O-O $11) 10... Qd7 11. Bc3 f6 {
Covers e5} 12. Re1 O-O-O $14 (12... Bd5 13. Nbd2 $11) 13. Na3 $11 (13. Nd4 Bd5
$14) 13... a6 $14 {Secures b5} (13... Rhe8 14. b4 $11) 14. Rad1 $11 (14. b4 Bf5
$14) 14... Bf7 $14 (14... Bxa2 15. b4 $15) 15. Nd4 $11 (15. Bc4 Bxc4 16. Nxc4
Rhe8 $11) 15... g5 $14 (15... Ne5 16. Nf5 Nxd3 17. Nxe7+ Qxe7 18. Rxd3 $11 (18.
Rxe7 $4 Nxf4 19. Ba5 b6 $19) (18. cxd3 $6 {is much weaker} Qd7 $11)) 16. Qf3
$11 (16. Qe3 $5 {should not be overlooked} Ne5 17. Nb3 $16) 16... Ne5 17. Qe3 {
White gets deadly initiative} Bd5 18. Nf5 Nc6 $4 $18 (18... Nxf5 19. Qa7 Qe6
20. Bxe5 fxe5 $16) 19. Nxe7+ Qxe7 (19... Nxe7 {does not improve anything} 20.
Qxe7 Qg4 21. Bf1 $18) 20. Qxe7 Nxe7 21. Rxe7 Rhe8 22. Bxf6 Rxe7 23. Bxe7 Re8 (
23... Rd7 {is not much help} 24. Bxg5 Bxa2 25. b3 $18) 24. Bxd6 (24. Bxg5 $5 {
makes it even easier for White} Rg8 25. f4 h6 $18) 24... cxd6 25. Bxh7 Re2 (
25... Bxa2 {does not help much} 26. b3 b5 27. f4 gxf4 28. Rxd6 $18) 26. Kf1 Re7
27. Bf5+ (27. Bf5+ Be6 28. Nc4 $18) (27. Rxd5 {seems even better} Rxh7 28. h3
Kd7 $18) 1-0